New in the Answers - Statistics

General Stats
  • This quiz has been taken 144,478 times
    74,185 since last reset
  • The average score is 14 of 22
Answer Stats
Clue Answer % Correct
Capital of India New Delhi
97%
U.S. state #4 New York
94%
Second part of the Bible New Testament
87%
U.S. state #2 New Jersey
84%
U.S. state #1 New Hampshire
83%
U.S. state #3 New Mexico
80%
City where jazz music started New Orleans
80%
It comes before waxing crescent New Moon
74%
The northeastern part of the U.S. New England
73%
The western hemisphere New World
69%
Country #1 New Zealand
69%
Star Wars: Episode IV A New Hope
60%
Canadian province #2 Newfoundland and Labrador
55%
Australian state New South Wales
55%
English city on the Tyne Newcastle
54%
FDR's economic program New Deal
52%
Country #2 Papua New Guinea
46%
Spiritual movement popular in the 1970s that might involve crystals New Age
40%
Canadian province #1 New Brunswick
40%
City home to Yale University New Haven
36%
Soda introduced in 1985 and discontinued in 2002 New Coke
34%
Double plus good language from 1984 Newspeak
26%
No matching quizzes found
Score Distribution
Percent of People with Each Score
Percentile by Number Answered
Your Score History
You have not taken this quiz since the last reset